Statistics for Acceptably Misspelled Countries

Click here to take the quiz!

General Stats

  • This quiz has been taken 123 times
  • The average score is 23 of 25

Answer Stats

"Close enough"Correct Spelling% Correct
GautamalaGuatemala
99%
VenizeulaVenezuela
99%
ManecoMonaco
98%
PareguuyParaguay
98%
PortagelPortugal
98%
AustraileaAustralia
97%
DjebuotiDjibouti
96%
UzbeccestanUzbekistan
96%
BahamaeiouaeoisBahamas
95%
BerkieieienafassoBurkina Faso
95%
ErrrrrrrratriaEritrea
95%
LuxembeergLuxembourg
95%
MuaouritoisMauritius
95%
SolemanislandsSolomon Islands
95%
UragaaaaauyUruguay
95%
AdjerbeiadzanAzerbaijan
94%
TajtypostanTajikistan
94%
CommmmmirosComoros
93%
EquetorealgiuneaEquatorial Guinea
92%
GiuneabasssssauGuinea-Bissau
91%
MoorotaniaMauritania
91%
KhazjetpunkstanKazakhstan
88%
LeeeethenstienLiechtenstein
86%
KirgquizstanKyrgyzstan
85%
BarbuuououodaAntigua and Barbuda
59%

Score Distribution

Percentile by Number Answered

Percent of People with Each Score

Your Score History

You have not taken this quiz